LIBRARY & INFORMATION CENTRE, KCAET, TAVANUR

ONLINE PUBLIC ACCESS CATALOGUE (OPAC)

Uthar druv se ganga / (Record no. 8431)

MARC details
000 -LEADER
fixed length control field 00284cam a2200121ua 4500
082 ## - DEWEY DECIMAL CLASSIFICATION NUMBER
Classification number 891.54
Item number PRE/UT
100 ## - MAIN ENTRY--AUTHOR NAME
Personal name Premanand, Patel .
245 ## - TITLE STATEMENT
Title Uthar druv se ganga /
250 ## - EDITION STATEMENT
Edition statement 1 /
260 ## - PUBLICATION, DISTRIBUTION, ETC. (IMPRINT)
Place of publication Delhi :
Name of publisher Rajkamal Prakashan ,
Year of publication 1960.
300 ## - PHYSICAL DESCRIPTION
Number of Pages 190 ; .
942 ## - ADDED ENTRY ELEMENTS (KOHA)
Koha item type Books
Holdings
Withdrawn status Lost status Damaged status Home library Current library Date acquired Full call number Accession Number Koha item type
Withdrawn     KAUAET Sanskrit University 07/04/2012 891.54 PRE/UT 4835 Books
Withdrawn     KAUAET Sanskrit University 07/04/2012 891.54 PRE/UT 2033 Books
free website counter